000 01414nam a22002777a 4500
999 _c54681
_d54681
001 21748
003 GE_BSU
005 20220208173254.0
008 181216s ||||ge |||||||||||||| ||geo||
020 _a5520006067
040 _cGE_BSU
041 _ageo
080 _a811.353.1'373.6 ე-87
245 _aეტიმოლოგიური ძიებანი :
_bსტატიების კრებული /
_cსარედ. კოლ. : ა. არაბული, კ. დანელია და სხვ. ; რედ. ქ. ლომთათიძე.
264 _aთბილისი :
_bმეცნიერება,
_c1990.
300 _a127 გვ. ;
_c21 სმ.
520 _aსტატიების ბოლოს რეზიუმე რუსულ ენაზე
541 _h4 ლ.
653 _aეტიმოლოგიური ძიებანი
653 _aსტატიების კრებული
653 _aქართული ენა
653 _aქართული ენის ეტიმოლოგია
700 _aლომთათიძე, ქ.
_eრედაქტორი
_92924
710 _aსაქართველოს სსრ მეცნიერებათა აკადემია
_eენათმეცნიერების ინსტიტუტი
_913504
942 _cBK
_2udc